000
00235 a2200097 4500
001
46081
100
_a
Flood, W
245
_a
Dictionary of scientific and technical words
260
_a
London
_b
Longmans Green
_c
090
_c
29185
_d
29185
942
_a
NUST-CAE
_c
M
_c
21319
999
_c
281154
_d
281154